000 02861nam a2200601 i 4500
001 22421
003 CZ PrNK
005 20260328102333.0
007 ta
008 210505s2021 xr a c 000 j cze
015 _acnb003323022
020 _a9788025351116
_q(vázáno) :
_cKč 199,00
035 _a(OCoLC)1260122650
040 _aABG001
_bcze
_dABA001
_erda
041 1 _acze
_hger
072 7 _a821.112.2-3
_xNěmecká próza, německy psaná
_2Konspekt
072 7 _a821-93
_xLiteratura pro děti a mládež (beletrie)
_2Konspekt
080 _a821.112.2(436)-32
_2MRF
080 _a821-93
_2MRF
080 _a(0:82-321.3)
_2MRF
080 _a(0.05)793.7
_2MRF
100 1 _aBrezina, Thomas,
_d1963-
_4aut
240 1 0 _aPhantom auf dem Fussballplatz.
_lČesky
245 1 0 _aFantom z fotbalového hřiště /
_cThomas C. Brezina ; ilustrovaly Caroline Kintzelová, Naomi Fearnová a Lorna Eganová ; z německého originálu Ein Fall für dich und das Tiger-Team - Das Phantom auf dem Fussballplatz ... přeložila Dagmar Steidlová
250 _a1. vydání
264 1 _aV Praze :
_bFragment,
_c2021
300 _a135 stran :
_bilustrace ;
_c19 cm +
_e1 plastová lupa (60 x 90 mm)
336 _atext
_btxt
_2rdacontent
336 _astatický obraz
_bsti
_2rdacontent
337 _abez média
_bn
_2rdamedia
338 _asvazek
_bnc
_2rdacarrier
490 1 _aPřípad pro tebe a Klub Tygrů
520 2 _aTygří parta řeší další záhadu, tentokrát jde o tajemný fotbalový míč. Kniha obsahuje lupu, s níž se čtenáři mohou stát účastníky pátrání.
_bPřed fotbalovým tréninkem najde Patrik v kůlně u hřiště podivný, křiklavě zelený míč. Poté se začnou dít divné věci. Z reproduktorů zazní výhrůžný hlas a pak se na hřišti zjeví fantom, který začne Patrika ohrožovat. Sebere míč a mizí s ním pryč. Co to má znamenat? Biggi, Luk a Patrik se pouštějí do jeho pronásledování. Na horkou stopu narážejí v podzemním systému městské kanalizace... Nakladatelská anotace.
521 8 _aPro čtenáře od 9 let
655 7 _arakouské příběhy
_2czenas
655 7 _adobrodružné příběhy
_2czenas
655 7 _ačtenářské hry
_2czenas
655 7 _apublikace pro děti
_2czenas
655 9 _aAustrian stories
_2eczenas
655 9 _aadventure stories
_2eczenas
655 9 _aliterary recreations
_2eczenas
655 9 _achildren's literature
_2eczenas
700 1 _aKintzel, Caroline,
_d1979-
_4ill
700 1 _aFearn, Naomi,
_d1976-
_4ill
700 1 _aEgan, Lorna,
_d1981-
_4ill
700 1 _aSteidlová, Dagmar,
_d1959-
_4trl
765 1 _tFall für dich und das Tiger-Team
787 0 8 _iZ cyklu:
_tPřípad pro tebe a Klub Tygrů
_g21
830 0 _aKlub Tygrů
901 _b9788025351116
_f1. vydání
_o20210615
910 _aABA001
942 _2ddc
_cKLDE
_n0
999 _c22421
_d22421